Advanced higher algebra (Record no. 475)

MARC details
000 -LEADER
Fixed length control field 00483nam a22001937a 4500
003 - CONTROL NUMBER IDENTIFIER
Control field SEACOMMC
005 - DATE AND TIME OF LATEST TRANSACTION
Control field 20231114071522.0
008 - FIXED-LENGTH DATA ELEMENTS--GENERAL INFORMATION
Fixed length control field 231114b |||||||| |||| 00| 0 eng d
020 ## - INTERNATIONAL STANDARD BOOK NUMBER / ISBN
Price Rs. 225.00
040 ## - CATALOGING SOURCE
Original cataloging agency SEACOMMC
082 ## - DEWEY DECIMAL CLASSIFICATION NUMBER
Classification number 512.02
Book Number CHA
100 1# - MAIN ENTRY--PERSONAL NAME
Personal name Chakravorty, J.G.
245 1# - TITLE STATEMENT
Title Advanced higher algebra
Statement of responsibility J.G. Chakravorty and P.R. Ghosh
250 ## - EDITION STATEMENT
Edition statement 8th ed.
260 ## - IMPRINT
Place of publication Kolkata
Name of publisher U.N. Dhur
Date of publication 2006
650 ## - SUBJECT ADDED ENTRY--TOPICAL TERM
Topical term Mathematics
700 1# - ADDED ENTRY--PERSONAL NAME
Personal name Ghosh, P.R.
942 ## - ADDED ENTRY ELEMENTS (KOHA)
Koha item type Books
Holdings
Withdrawn status Lost status Source of classification Damaged status Not for loan Home library Current library Date acquired Total Checkouts Call number Accession number Date last seen Price effective from Koha item type
    Dewey Decimal Classification     SEACOM MANAGEMENT COLLEGE SEACOM MANAGEMENT COLLEGE 06/03/2007   512.02 CHA 06228 14/11/2023 14/11/2023 Books
    Dewey Decimal Classification     SEACOM MANAGEMENT COLLEGE SEACOM MANAGEMENT COLLEGE 06/03/2007   512.02 CHA 06229 14/11/2023 14/11/2023 Books
    Dewey Decimal Classification     SEACOM MANAGEMENT COLLEGE SEACOM MANAGEMENT COLLEGE 06/03/2007   512.02 CHA 06230 14/11/2023 14/11/2023 Books
    Dewey Decimal Classification     SEACOM MANAGEMENT COLLEGE SEACOM MANAGEMENT COLLEGE 06/03/2007   512.02 CHA 06231 14/11/2023 14/11/2023 Books
    Dewey Decimal Classification     SEACOM MANAGEMENT COLLEGE SEACOM MANAGEMENT COLLEGE 06/03/2007   512.02 CHA 06232 14/11/2023 14/11/2023 Books
    Dewey Decimal Classification     SEACOM MANAGEMENT COLLEGE SEACOM MANAGEMENT COLLEGE 06/03/2007   512.02 CHA 06233 14/11/2023 14/11/2023 Books
    Dewey Decimal Classification     SEACOM MANAGEMENT COLLEGE SEACOM MANAGEMENT COLLEGE 06/03/2007   512.02 CHA 06234 14/11/2023 14/11/2023 Books
    Dewey Decimal Classification     SEACOM MANAGEMENT COLLEGE SEACOM MANAGEMENT COLLEGE 06/03/2007   512.02 CHA 06235 14/11/2023 14/11/2023 Books
    Dewey Decimal Classification     SEACOM MANAGEMENT COLLEGE SEACOM MANAGEMENT COLLEGE 06/03/2007   512.02 CHA 06236 14/11/2023 14/11/2023 Books
    Dewey Decimal Classification     SEACOM MANAGEMENT COLLEGE SEACOM MANAGEMENT COLLEGE 06/03/2007   512.02 CHA 06237 14/11/2023 14/11/2023 Books
© Seacom Engineering College, All rights reserved.    Powered by Koha